Управление скважиной при капитальном ремонте скважин (Запись № 3743689)

Подробности
000 -МАРКЕР
контрольное поле 02388nam0a2200337 4500
001 - ИДЕНТИФИКАТОР ЗАПИСИ
контрольное поле RU\NLR\bibl\1965799
005 - ИДЕНТИФИКАТОР ВЕРСИИ
контрольное поле 20260406011005.0
010 ## - МЕЖДУНАРОДНЫЙ СТАНДАРТНЫЙ НОМЕР КНИГИ (ISBN)
Номер (ISBN) 978-5-317-03242-5
Тираж 300
035 ## - ДРУГИЕ СИСТЕМНЫЕ НОМЕРА
Идентификатор записи (NLR Aleph) 001954731
100 ## - ДАННЫЕ ОБЩЕЙ ОБРАБОТКИ
Данные общей обработки 20120601d2010 |||y0rusy50 ca
101 0# - ЯЗЫК РЕСУРСА
Язык текста, звукозаписи и т.д. русский
102 ## - СТРАНА ПУБЛИКАЦИИ ИЛИ ПРОИЗВОДСТВА
Страна публикации российская федерация
105 ## - ПОЛЕ КОДИРОВАННЫХ ДАННЫХ: ТЕКСТОВЫЕ МАТЕРИАЛЫ, МОНОГРАФИЧЕСКИЕ
Кодированные данные о монографическом текстовом документе a |||||||||
200 1# - ЗАГЛАВИЕ И СВЕДЕНИЯ ОБ ОТВЕТСТВЕННОСТИ
Основное заглавие Управление скважиной при капитальном ремонте скважин
Сведения, относящиеся к заглавию учебное пособие для слушателей системы дополнительного профессионального образования, обучающихся по образовательной программе "Специалист технологического надзора и контроля при строительстве скважин (буровой супервайзер)"
Первые сведения об ответственности О.А. Марков, В.М. Подгорнов, В.И. Исаев
Последующие сведения об ответственности Рос. гос. ун-т нефти и газа им. И.М. Губкина, Каф. бурения нефтяных и газовых скважин, Каф. нефтегазовой и подзем. гидромеханики
210 ## - ПУБЛИКАЦИЯ, РАСПРОСТРАНЕНИЕ И ДР.
Место издания, распространения и т.д. Москва
Имя издателя, распространителя и т. д. МАКС Пресс
Дата издания, распространения и т.д. 2010
215 ## - ФИЗИЧЕСКАЯ ХАРАКТЕРИСТИКА
Специфическое обозначение материала и объем 98 с.
Другие сведения о физической характеристике ил.
Размеры 29
313 ## - ПРИМЕЧАНИЯ, ОТНОСЯЩИЕСЯ К ТЕМАТИЧЕСКОМУ ДОСТУПУ
Текст примечания и заканчивание
320 ## - ПРИМЕЧАНИЯ О НАЛИЧИИ В ДОКУМЕНТЕ БИБЛИОГРАФИИ / УКАЗАТЕЛЯ
Текст примечания Библиогр.: с. 98 (13 назв.)
606 1# - НАИМЕНОВАНИЕ ТЕМЫ КАК ПРЕДМЕТ
Наименование темы Нефтяные скважины
Формальный подзаголовок Учебные издания для высших учебных заведений
Тематический подзаголовок Заканчивание
Системный номер авторитетной/нормативной записи 2079811
Идентификатор авторитетной/нормативной записи RU\NLR\auth\661255708
606 1# - НАИМЕНОВАНИЕ ТЕМЫ КАК ПРЕДМЕТ
Наименование темы Нефтяные скважины
Формальный подзаголовок Учебные издания для высших учебных заведений
Тематический подзаголовок Капитальный ремонт
Системный номер авторитетной/нормативной записи 2615011
Идентификатор авторитетной/нормативной записи RU\NLR\auth\661551570
686 ## - ИНДЕКСЫ ДРУГИХ КЛАССИФИКАЦИЙ
Индекс И361.05я73-1
686 ## - ИНДЕКСЫ ДРУГИХ КЛАССИФИКАЦИЙ
Индекс И361.69я73-1
700 #1 - ИМЯ ЛИЦА - ПЕРВИЧНАЯ ОТВЕТСТВЕННОСТЬ
Код отношения Автор
Материалы, к которым относится поле rus
Графика поля Кириллица
Начальный элемент ввода Марков
Часть имени, кроме начального элемента ввода О. А.
Расширение инициалов личного имени Олег Андреевич
Даты 1939-
Дополнения к именам, кроме дат канд. техн. наук
Идентификатор авторитетной/нормативной записи RU\NLR\auth\7747463
Системный номер авторитетной/нормативной записи 30398
701 #1 - ИМЯ ЛИЦА - АЛЬТЕРНАТИВНАЯ ОТВЕТСТВЕННОСТЬ
Код отношения Автор
Материалы, к которым относится поле rus
Графика поля Кириллица
Начальный элемент ввода Подгорнов
Часть имени, кроме начального элемента ввода В. М.
Даты 1941-
Дополнения к именам, кроме дат д-р техн. наук
Расширение инициалов личного имени Валерий Михайлович
Идентификатор авторитетной/нормативной записи RU\NLR\auth\77116467
Системный номер авторитетной/нормативной записи 99392
701 #1 - ИМЯ ЛИЦА - АЛЬТЕРНАТИВНАЯ ОТВЕТСТВЕННОСТЬ
Код отношения Автор
Материалы, к которым относится поле rus
Графика поля Кириллица
Начальный элемент ввода Исаев
Часть имени, кроме начального элемента ввода В. И.
Дополнения к именам, кроме дат канд. техн. наук
Расширение инициалов личного имени Валерий Иванович
Идентификатор авторитетной/нормативной записи RU\NLR\auth\7747461
Системный номер авторитетной/нормативной записи 30396
801 #0 - ИСТОЧНИК ЗАПИСИ
Страна российская федерация
Организация NLR
Дата составления 20120601
Правила каталогизации RCR
801 #1 - ИСТОЧНИК ЗАПИСИ
Страна российская федерация
Организация NLR
Дата составления 20120601
942 ## - ДОПОЛНИТЕЛЬНЫЕ ЭЛЕМЕНТЫ ЗАПИСИ (АБИС)
Тип экземпляра АБИС Книга
980 ## - КОЛЛЕКЦИЯ
Название коллекции Национальная библиография
Экземпляры
Тип экземпляра Дата поступления Источник поступления Стоимость Библиотека постоянного хранения Библиотека текущего хранения Место хранения Шифр хранения Штрих-код Статус не для выдачи
Книга 12.11.2012 Покупка 1176.00 РНБ (Московский) РНБ (Московский) Русский книжный фонд: издания с 1957 года, 8этаж 2012-8/3180 3765881